Valamideel-Samayavum reethiyum (Record no. 48643)

MARC details
000 -LEADER
fixed length control field 00346nam a2200145Ia 4500
100 ## - MAIN ENTRY--AUTHOR NAME
Personal name Prasannakumari P
245 #0 - TITLE STATEMENT
Title Valamideel-Samayavum reethiyum
260 ## - PUBLICATION, DISTRIBUTION, ETC. (IMPRINT)
Name of publisher Rubber
Year of publication 2019
300 ## - PHYSICAL DESCRIPTION
Number of Pages 9-Jul
650 ## - SUBJECT ADDED ENTRY--TOPICAL TERM
Topical Term Fertilizer application
650 ## - SUBJECT ADDED ENTRY--TOPICAL TERM
Topical Term RubSIS
700 ## - ADDED ENTRY--PERSONAL NAME
Personal name Jessy M.D
942 ## - ADDED ENTRY ELEMENTS (KOHA)
Koha item type Bibliography STAF
Holdings
Withdrawn status Lost status Damaged status Not for loan Home library Current library Shelving location Date acquired Serial Enumeration / chronology Koha item type
      Bibliography RRII Library RRII Library Agronomy 09/04/2014 Volume 640, Issue July Bibliography STAF